Platón y la sofística : obra de Guillermo Héctor Rodríguez /

Enregistré dans:
Détails bibliographiques
Auteur principal: Herrera Madrigal, José (autor)
Format: Livre
Langue:espagnol
Collection:(Cuaderno Universidad Autónoma Metropolitana ; 53)
Sujets:
Tags: Ajouter un tag
Pas de tags, Soyez le premier à ajouter un tag!

MARC

LEADER 00000nam^a2200000^a^4500
001 000036936
005 20250521000000.0
009 20260310085407.557
037 |a Acervo ITESO - Biblioteca 
041 |a ESP 
082 |a 184.  |b PLA EST HER 
100 |a Herrera Madrigal, José  |e (autor) 
245 1 0 |a Platón y la sofística :  |b obra de Guillermo Héctor Rodríguez /  |c J. Herrera Madrigal. 
264 |a México :  |b Universidad Autónoma Metropolitana Iztapalapa,  |c 1990 
300 |a 49 p. 
336 |a texto  |b txt  |2 rdacontenido 
337 |a sin mediación  |b n  |2 rdamedio 
338 |a volumen  |b nc  |2 rdasoporte 
440 1 |a (Cuaderno Universidad Autónoma Metropolitana ;  |v 53) 
649 |a XX 
650 |a Filósofos Griegos 
650 |a Sofistas 
650 |a Escuela Platónica (Academia) 
650 |a Socráticos 
650 |a Filosofía Griega 
650 |a Filosofía Clásica 
650 |a Platón 
910 |a Fondo General 
920 |a Impresos - Libros 
930 |a Colección General 
905 |a 101 
901 |a 0369360100  |b IT1  |c ACC  |i 036936  |u 20250521 
902 |a https://opac.biblio.iteso.mx/vufind/Record/000036936